| 000 | 00435nam a2200157 i 4500 | ||
|---|---|---|---|
| 001 | 49952 | ||
| 003 | ES-MaACL | ||
| 005 | 20230906162106.0 | ||
| 007 | t| | ||
| 008 | 030728s1964 sp ||||1| spa d | ||
| 100 | 1 |
_aCrespo, Eduardo. _941519 |
|
| 245 | 1 | 0 |
_aAlféreces provisionales / _cEduardo Crespo. |
| 260 |
_aMadrid : _bEditora Nacional, _c1964. |
||
| 300 |
_aXV, 561 p., 9 lám. ; _c20 cm. |
||
| 852 |
_aES-MaACL _jG-8787 _bR.53912 |
||
| 999 |
_c49952 _d49952 |
||